The Legend Of Zelda BOTW: Monsters - Statistics

General Stats
  • This quiz has been taken 303 times
  • The average score is 10 of 13
Answer Stats
Hint Answer % Correct
the weird red thing that is common and is afraid by bees Bokoblin
97%
The cute, squishy monsters that jump at you Chuchu
92%
The giant monsters with one eye Hinox
91%
The bat-like monsters that come in the dark. Keese
91%
The horse person monster that is very strong Lynel
89%
The biggest monster In Gerudo Desert Molduga
86%
The big rock monsters Talus
86%
The bigger type of red monster that is very tall and creepy looking Moblin
85%
The ugly monsters that have a hideout and can turn into people Yiga
83%
The dragon that is found near Faron Farosh
71%
The dragon that is found near Lanayru Naydra
64%
The dragon that is found near Eldin Dinraal
60%
The very fast lizard monster Lizalflos
8%
No matching quizzes found
Score Distribution
Percent of People with Each Score
Percentile by Number Answered
Your Score History
You have not taken this quiz